000 00859nam a2200277 i 4500
003 DO-SdBNP
005 20240626115649.0
007 ta
008 240626b2067 xxu || 000 0 eng d
040 _aDO-SdBNP
_bspa
_cBNPHU
_erda
082 4 _222
_a332.63
110 1 _aInvestment company institute
_985841
245 1 4 _aThe money managers :
_bprofessional investment through mutual funds /
264 1 _aNew York, Estados Unidos :
_bMcGraw-Hill ,
_c1967.
300 _a147 páginas :
_c22 cm.
336 _2rdacontent
_atexto
_btxt
337 _2rdamedia
_asin mediación
_bn
338 _2rdacarrier
_avolumen
_bnc
500 _aLibro en ingles.
500 _aIncluye índice.
504 _aBibliografía p: 137-141
590 _aInventariado, 2024/ YL
650 4 _aFondos mutuos
_zEstados Unidos.
_985842
910 _aYLockward
942 _2ddc
_cLBS1
999 _c57018
_d57018